| 000 | 01352cam a2200301 a 4500 | ||
|---|---|---|---|
| 001 | 17223842 | ||
| 003 | OSt | ||
| 005 | 20170105102907.0 | ||
| 008 | 120323s2012 enkb b 001 0 eng | ||
| 010 | _a 2012011716 | ||
| 020 | _a9781107096455 (hardback) | ||
| 040 |
_aDLC _cDLC _dDLC |
||
| 042 | _apcc | ||
| 050 | 0 | 0 |
_aBP161.3 _b.Z328 2012 |
| 082 | 0 | 0 |
_a297.09051 _223 _bZAM 2012 |
| 100 | 1 | _aZaman, Muhammad Qasim. | |
| 245 | 1 | 0 |
_aModern Islamic thought in a radical age : _breligious authority and internal criticism / _cMuhammad Qasim Zaman. |
| 260 |
_aCambridge ; _aNew York : _bCambridge University Press, _c2012. |
||
| 300 |
_aix, 363 p. : _bmap ; _c24 cm. |
||
| 504 | _aIncludes bibliographical references (p. 323-353) and index. | ||
| 505 | 0 | _aIntroduction -- Rethinking consensus -- The language of ijtihad -- Contestations on the common God -- Bridging traditions: madrasas and their internal critics -- Women, law, and society -- Socioeconomic justice -- Denouncing violence: the ambiguities of a discourse -- Epilogue: the paradoxes of internal criticism. | |
| 650 | 0 |
_aIslam _y21st century. |
|
| 650 | 0 |
_aIslam _xDoctrines. |
|
| 650 | 0 | _aIslamic sociology. | |
| 906 |
_a7 _bcbc _corignew _d1 _eecip _f20 _gy-gencatlg |
||
| 942 |
_2ddc _cBK |
||
| 999 |
_c14947 _d14947 |
||